00861 2200253 4500001002100000005001500021035002000036007000300056008004100059020002200100082001000122084001600132100003500148245015600183250001900339260004500358300005000403650001600453700002500469700002400494700002400518700002900542856003600571INLIS00000000113679020220117025108 a0010-0122001876ta220117 g 0 ind  a978-979-25-4914-0 a610.7 a610.7 NIK p0 aNikmatur Rohmah & Saiful Walid1 aProses Keperawatan Teori Dan Aplikasi :bDilengkapi Dengan NOC-NIC Dan Aplikasi Pada Berbagai Kasus /cNikmatur Rohmah, S.Kep & Saiful Walid, S.Kep.,Ns aCetakan Ketiga aDepok Yogyakarta :bAr-Ruzz Media,c2016 a284 halaman :bilustrasi ;c15.5 x 24 cme... 4aKeperawatan0 aEditor: Meita Sandra0 aProofreader: NurHid0 aDesain Cover: TriAT0 aDesain Isi: Leelo Legowo aPerpustakaan Umum Kota Makassar